000 00415nam a22001697a 4500
003 GBCCL
005 20251201141254.0
008 190731b ||||| |||| 00| 0 eng d
040 _cgbc
082 _aVER 220.5954
_bZOU 1
245 _aPasian laisiengthou Bu
250 _aZou Re-edited
260 _aBangalore:
_bThe Bible society of India,
_c2016.
300 _a412p,
650 _aBible
_95
942 _2ddc
_cREF
999 _c8242
_d8242